Dvojaké meranie konečnej spotreby v systéme národných účtov
Rozdelenie konečnej spotreby do sektorov. Sledovanie konečnej spotreby na sektorových účtoch SNÚ OSN. Konečná spotreba v rámci celej ekonomiky.
Gespeichert in:
| 1. Verfasser: | |
|---|---|
| Format: | Buchkapitel |
| Sprache: | Slowakisch |
| Schlagworte: | |
| Tags: |
Keine Tags, Fügen Sie das erste Tag hinzu!
|
MARC
| LEADER | 00000naa a2200000 4500 | ||
|---|---|---|---|
| 001 | r019393 | ||
| 005 | 20221205102617.2 | ||
| 041 | 0 | |a slo | |
| 044 | |a SK | ||
| 245 | 1 | 0 | |a Dvojaké meranie konečnej spotreby v systéme národných účtov |c V. Hajnovičová |
| 520 | |a Rozdelenie konečnej spotreby do sektorov. Sledovanie konečnej spotreby na sektorových účtoch SNÚ OSN. Konečná spotreba v rámci celej ekonomiky. | ||
| 610 | 2 | 0 | |a spotreba konečná |
| 610 | 2 | 0 | |a sektory hospodárske |
| 610 | 2 | 0 | |a účty |
| 610 | 2 | 0 | |a ukazovatele štatistické |
| 610 | 2 | 0 | |a účty národné |
| 100 | 1 | |a Hajnovičová, V. | |